The External Balance Assessment (EBA) Methodology /

The External Balance Assessment (EBA) methodology has been developed by the IMF's Research Department as a successor to the CGER methodology for assessing current accounts and exchange rates in a multilaterally consistent manner. Compared to other approaches, EBA emphasizes distinguishing betwe...

ver descrição completa

Detalhes bibliográficos
Autor principal: Phillips, Steven
Outros Autores: Bems, Rudolfs, Catao, Luis, Ricci, Luca
Formato: Periódico
Idioma:English
Publicado em: Washington, D.C. : International Monetary Fund, 2013.
Colecção:IMF Working Papers; Working Paper ; No. 2013/272
Acesso em linha:Full text available on IMF
LEADER 01776cas a2200277 a 4500
001 AALejournalIMF014131
008 230101c9999 xx r poo 0 0eng d
020 |c 5.00 USD 
020 |z 9781484346686 
022 |a 1018-5941 
040 |a BD-DhAAL  |c BD-DhAAL 
100 1 |a Phillips, Steven. 
245 1 4 |a The External Balance Assessment (EBA) Methodology /  |c Steven Phillips, Luis Catao, Luca Ricci, Rudolfs Bems. 
264 1 |a Washington, D.C. :  |b International Monetary Fund,  |c 2013. 
300 |a 1 online resource (68 pages) 
490 1 |a IMF Working Papers 
500 |a <strong>Off-Campus Access:</strong> No User ID or Password Required 
500 |a <strong>On-Campus Access:</strong> No User ID or Password Required 
506 |a Electronic access restricted to authorized BRAC University faculty, staff and students 
520 3 |a The External Balance Assessment (EBA) methodology has been developed by the IMF's Research Department as a successor to the CGER methodology for assessing current accounts and exchange rates in a multilaterally consistent manner. Compared to other approaches, EBA emphasizes distinguishing between the positive empirical analysis and the normative assessment of current accounts and exchange rates, and highlights the roles of policies and policy distortions. This paper provides a comprehensive description and discussion of the 2013 version ('2.0') of the EBA methodology, including areas for its further development. 
538 |a Mode of access: Internet 
700 1 |a Bems, Rudolfs. 
700 1 |a Catao, Luis. 
700 1 |a Ricci, Luca. 
830 0 |a IMF Working Papers; Working Paper ;  |v No. 2013/272 
856 4 0 |z Full text available on IMF  |u http://elibrary.imf.org/view/journals/001/2013/272/001.2013.issue-272-en.xml  |z IMF e-Library